| 000 | 02994nam a22003257a 4500 | ||
|---|---|---|---|
| 001 | 0074 | ||
| 003 | DO-SdBPM | ||
| 005 | 20260219130407.0 | ||
| 007 | ta | ||
| 008 | 151006b2008 dr | |||| 00| 0 spa d | ||
| 040 |
_aDO-SdBPM _bspa _cBPMSU _erda |
||
| 082 | 4 |
_a370.98 _bP598t 2008 _222 |
|
| 100 | 1 |
_a Picón Espinoza, César _eautor _4aut. _d |
|
| 245 | 1 | 0 |
_aTemas educativos latinoamericanos y dominicanos / _cCésar Picón Espinoza |
| 260 | _c | ||
| 264 |
_aSanto Domingo : _b Instituto Nacional de Formación y Capacitación del Magisterio, _c2008 |
||
| 300 |
_axix, 501 páginas : _b ilustraciones ; _c 23 cm |
||
| 336 |
_atexto _btxt _2rdacontent |
||
| 337 |
_asin mediación _bn _2rdamedia |
||
| 338 |
_avolumen _bnc _2rdacarrier |
||
| 490 | 0 | _aEducación | |
| 500 | _a Incluye referencias bibliográficas y notas al pie de las páginas | ||
| 504 | _a | ||
| 505 | 0 | _aPrólogo -- Presentación -- Nota preliminar del autor – Una mirada internacional a la educación 1 -- La República Dominicana en la agenda educativa internacional 2 -- Reflexiones sobre los principales consensos educativos de los países del Sur en materia de educación y algunos escenarios del futuro desarrollo educativo latinoamericano 22 -- Hacia la cultura de la calidad de la educación 39 -- Alfabetización : un reto de ayer, hoy y siempre 81 -- Aportes y perspectivas de la educación popular en América Latina 93 -- La cultura burocrática y la administración de la educación 139 -- Multiculturalidad y la educación intercultural 173 – Investigaciones e innovaciones educativas 198 -- Investigación para el desarrollo en una perspectiva cultural y educativa 200 -- Innovación educativa en América Latina 222 -- La investigación en la educación de jóvenes y adultos en América Latina 253 -- Hacia un proyecto estratégico de innovaciones "Sembradoras y sembradores de la educación general dominicana para el siglo XXI 286 – Educación y algunos actores 310 -- Una mirada a la educación desde el mundo empresarial de un país latinoamericano en los tiempos electorales 312 -- Educación, clase política y promesas electorales 332 -- Escuela de madres y padres en América Latina 345 -- Una nueva escuela para todos y las organizaciones magisteriales en los países de la región 371 -- La Cantuta : un paradigma histórico de formación docente inicial en la educación superior de América Latina 386 – Educación y articulaciones 432 -- Cooperación de la educación superior con los otros niveles de la educación 434 -- Atención integral a la primera infancia 449 -- Hacia la construcción de redes de centros educativos en la República Dominicana 458 -- LOS Desafíos de la educación dominicana del 2008 al 2018 482. | |
| 590 | _aInventariado, 2026/VM | ||
| 650 | 7 |
_aEducación _zAmérica Latina. _vEnsayos, conferencias, etc. |
|
| 650 | 7 |
_aInnovaciones educativas _zRepública Dominicana. |
|
| 910 | _aVMateo V. Control de calidad. BPMSU | ||
| 942 |
_2ddc _cBK |
||
| 999 |
_c15719 _d15719 |
||